000 00663nam a2200121Ia 4500
008 220615s9999||||xx |||||||||||||| ||und||
245 0 _aDebating European Citizenship
546 _aEnglish[eng]
650 _aEuropean Union||citizenship||voting rights||social rights||free movement||EUDO Citizenship||Globalcit||Open access
700 _aBauböck, Rainer
856 _uhttps://library.oapen.org/bitstream/20.500.12657/24559/1/1005550.pdf||https://library.oapen.org/bitstream/20.500.12657/24559/1/1005550.pdf||https://library.oapen.org/bitstream/20.500.12657/24559/1/1005550.pdf||https://library.oapen.org/bitstream/20.500.12657/24559/1/1005550.pdf
942 _cEB
999 _c14682
_d14682